Central Library OPAC University of Rajshahi
Normal view MARC view

Entry Personal Name

Number of records used in: 2

001 - CONTROL NUMBER

  • control field: 18429

003 - CONTROL NUMBER IDENTIFIER

  • control field: BD-RjUL

005 - DATE AND TIME OF LATEST TRANSACTION

  • control field: 20260510120109.0

008 - FIXED-LENGTH DATA ELEMENTS

  • fixed length control field: 260510|| aca||aabn | a|a d

040 ## - CATALOGING SOURCE

  • Original cataloging agency: BD-RjUL
  • Transcribing agency: BD-RjUL

100 ## - HEADING--PERSONAL NAME

  • Personal name: Rahaman, Ziaur
  • Dates associated with a name: 1936-1981
  • General subdivision: Biography

670 ## - SOURCE DATA FOUND

  • Source citation: Work cat.: (BD-RjUL)70732: রহিম, মোহাম্মদ আব্দুর 209368, শহীদ প্রেসিডেন্ট জিয়াউর রহমান :, ২০০২ [১৪০৯]